Malaysian Taxation for Individuals and Businesses (Record no. 4959)

000 -LEADER
fixed length control field 00695nam a2200217 a 4500
005 - DATE AND TIME OF LATEST TRANSACTION
control field 20230125112557.0
008 - FIXED-LENGTH DATA ELEMENTS--GENERAL INFORMATION
fixed length control field 230125t2022 my ||||| |||| 00| 0 eng d
020 ## - INTERNATIONAL STANDARD BOOK NUMBER
International Standard Book Number 9789670031392
040 ## - CATALOGING SOURCE
Original cataloging agency AKMAL
082 ## - DEWEY DECIMAL CLASSIFICATION NUMBER
Classification number 336.209595 ZAI
090 00 - LOCALLY ASSIGNED LC-TYPE CALL NUMBER (OCLC); LOCAL CALL NUMBER (RLIN)
Classification number (OCLC) (R) ; Classification number, CALL (RLIN) (NR) 336.209595
Local cutter number (OCLC) ; Book number/undivided call number, CALL (RLIN) ZAI
100 10 - MAIN ENTRY--PERSONAL NAME
Personal name Zaimah Zainol Ariffin
9 (RLIN) 9455
245 10 - TITLE STATEMENT
Title Malaysian Taxation for Individuals and Businesses
Remainder of title Budget 2022
Statement of responsibility, etc. Zaimah Zainol Ariffin
250 00 - EDITION STATEMENT
Edition statement 3rd ed.
260 00 - PUBLICATION, DISTRIBUTION, ETC.
Place of publication, distribution, etc. Sintok :
Name of publisher, distributor, etc. Universiti Utara Malaysia,
Date of publication, distribution, etc. 2022
300 ## - PHYSICAL DESCRIPTION
Extent viii, 373p. :
Other physical details ill. ;
Dimensions 23cm
650 00 - SUBJECT ADDED ENTRY--TOPICAL TERM
Topical term or geographic name entry element Taxation
General subdivision Law and legislation
Geographic subdivision Malaysia
9 (RLIN) 9456
650 00 - SUBJECT ADDED ENTRY--TOPICAL TERM
Topical term or geographic name entry element Taxation
Geographic subdivision Malaysia
9 (RLIN) 9457
650 00 - SUBJECT ADDED ENTRY--TOPICAL TERM
Topical term or geographic name entry element Income tax
Geographic subdivision Malaysia
9 (RLIN) 9458
942 ## - ADDED ENTRY ELEMENTS (KOHA)
Source of classification or shelving scheme
Koha item type Book
Holdings
Withdrawn status Lost status Source of classification or shelving scheme Damaged status Not for loan Collection code Home library Current library Shelving location Date acquired Inventory number Total Checkouts Full call number Barcode Date last seen Price effective from Koha item type
          NON-FICTION AKMAL Melaka AKMAL Melaka PINJAMAN 25.01.2023 000251   336.209595 ZAI 201708175 25.01.2023 25.01.2023 Book
Pusat Sumber Maklumat Dato' Haji Sarmin Md Hussin, Akademi Kastam Diraja Malaysia, Melaka
Tel: 06-2331106 | Faks: 06-2313787